| 000 | 00982pam a2200301 a 4500 | ||
|---|---|---|---|
| 001 | 4223318 | ||
| 003 | NUST - PNEC | ||
| 005 | 20170116180948.0 | ||
| 008 | 820415s1983 nyua 001 0 eng | ||
| 010 | _a 82007763 | ||
| 020 | _a007066286X | ||
| 020 | _a0070211450 | ||
| 040 |
_aDLC _cLIBRARY _dDLC |
||
| 050 | 0 | 0 |
_aTK2181 _b.F5 1983 |
| 082 | 0 | 0 | _a621.31042 FIT |
| 100 | 1 |
_aFitzgerald, A. E. _q(Arthur Eugene), _d1909- |
|
| 245 | 1 | 0 |
_aElectric machinery / _cA.E. Fitzgerald, Charles Kingsley, Jr., Stephen D. Umans. |
| 250 | _a4th ed (International student edition) | ||
| 260 |
_aNew York : _bMcGraw-Hill, _cc1983. |
||
| 300 |
_axii, 571 p. : _bill. ; _c25 cm. |
||
| 440 | 0 |
_aMcGraw-Hill series in electrical engineering. _pPNECPower and energy |
|
| 500 | _aIncludes index. | ||
| 650 | 0 |
_aElectric machinery. _xEE |
|
| 700 | 1 |
_aKingsley, Charles, _d1904-1994. |
|
| 700 | 1 | _aUmans, Stephen D. | |
| 906 |
_a7 _bcbc _corignew _d1 _eocip _f19 _gy-gencatlg |
||
| 942 |
_2ddc _cBK |
||
| 999 |
_c66332 _d66332 |
||